Novela zákona o DPH, dane z príjmov a Daňového poriadku od roku 2026

Príspevok prináša stručný prehľad vybraných legislatívnych zmien v oblasti dane z pridanej hodnoty, dane z príjmov a daňového poriadku, ktoré nadobúdajú účinnosť od 1. januára 2026 a 1. januára 2027. Pozornosť sa venuje najmä úpravám vyplývajúcim z tzv. konsolidačného balíčka schváleného zákonom č....

ver descrição completa

Na minha lista:
Detalhes bibliográficos
Autor principal: Jurišová, Simona
Formato: Capítulo de Livro
Idioma:eslovaco
Assuntos:
Tags: Adicionar Tag
Sem tags, seja o primeiro a adicionar uma tag!

MARC

LEADER 00000naa a2200000 4500
001 0314739
005 20260205084659.7
041 0 |a slo 
044 |a SK 
245 1 0 |a Novela zákona o DPH, dane z príjmov a Daňového poriadku od roku 2026  |c Simona Jurišová 
520 |a Príspevok prináša stručný prehľad vybraných legislatívnych zmien v oblasti dane z pridanej hodnoty, dane z príjmov a daňového poriadku, ktoré nadobúdajú účinnosť od 1. januára 2026 a 1. januára 2027. Pozornosť sa venuje najmä úpravám vyplývajúcim z tzv. konsolidačného balíčka schváleného zákonom č. 261/2025 Z. z. 
610 2 0 |a dane z hodnoty pridanej 
610 2 0 |a legislatíva 
610 2 0 |a zákony 
610 2 0 |a novelizácia 
610 2 0 |a dane 
610 2 0 |a účtovníctvo 
100 1 |a Jurišová, Simona